000 01728nam a22004817a 4500
003 OSt
005 20230412093031.0
008 221006b |||||||| |||| 00| 0 eng d
040 _cBiblioteca Lado V
082 _a707
_bE79a
100 _9796
_aEsterow Milton
_eeditor
_edirector
245 _aArtNews/
260 _bBabcock Galleries
_c2010
_aNew York
300 _c21x28cm
_a128p.
366 _eeng
490 _a3
_v109
_v2010
_x0004 3273
505 _tMan of a Thousand Faces
_rHilarie M. Sheets
505 _tDancing with Degas
_rAnn Landi
505 _tA Desperate Beauty
_rPhoebe Hoban
505 _tUncovering Matisse
_rHillarie M. Sheets
505 _tA Head of its Time
_rRoger Atwood
505 _tTurning Saints into Soldiers
_rKonstantin Akinsha
505 _tYves Klein's Leap Year
_rKim Levin
505 _tFloating in Space
_rJonathan Brown
505 _tA Pilgrim's Progress
_rKay Larson
505 _tReusing Tupperware
_rSteve Barnes
505 _tDriven to Abstraction
_rAlfred Mac Adam
505 _tArt Talk
505 _t News
505 _tBooks
505 _tWorking Habits
505 _tCritic's Pick
650 _2Tesauro de Arte & Arquitectura
_aARTE
_9703
650 _2Tesauro de Arte & Arquitectura
_aEXPOSICIONES
650 _2Tesauro de Arte & Arquitectura
_aBIENAL
650 _2Tesauro de Arte & Arquitectura
_aAPRECIACION
650 _2Tesauro de Arte & Arquitectura
_aTEORIA
650 _2Tesauro de Arte & Arquitectura
_aCRITICA
650 _2Tesauro de Arte & Arquitectura
_aFOTOGRAFIA
_9702
650 _2Tesauro de Arte & Arquitectura
_aLITERATURA
650 _2Tesauro de Arte & Arquitectura
_aNEW YORK
942 _2ddc
_c1
_h707
_iE79a
_n0
999 _c3322
_d3322